Urban Structure The Social And Spatial Character At Cities (Record no. 10482)

000 -LEADER
fixed length control field 00317nam a2200121Ia 4500
008 - FIXED-LENGTH DATA ELEMENTS--GENERAL INFORMATION
fixed length control field 220318s9999 xx 000 0 und d
020 ## - INTERNATIONAL STANDARD BOOK NUMBER
International Standard Book Number 9780394305622
100 ## - MAIN ENTRY--PERSONAL NAME
Personal name Ralph Thomlinson
245 #0 - TITLE STATEMENT
Title Urban Structure The Social And Spatial Character At Cities
260 ## - PUBLICATION, DISTRIBUTION, ETC.
Place of publication, distribution, etc. Random House
365 ## - TRADE PRICE
Price amount 59.95
365 ## - TRADE PRICE
Currency code USD
Holdings
Withdrawn status Lost status Source of classification or shelving scheme Damaged status Not for loan Permanent Location Current Location Date acquired Cost, normal purchase price Full call number Barcode Date last seen Price effective from Koha item type Public note Source of acquisition Total Checkouts Date last checked out Cost, replacement price
          BMS College of Architecture, Design and Planning BMS College of Architecture, Design and Planning 2020-03-03 3900.00 301.364 AR-PG175 2020-03-03 2020-03-03 PG Books S-11        
          BMS College of Architecture, Design and Planning BMS College of Architecture, Design and Planning 2022-04-05 3302.65 301.364 AR-PG495 2022-06-21 2022-04-05 PG Books S-11 1 1 2022-05-26 4718.07
Copyright © 2025, The Librarian, Library and Information Centre, BMSCA D&P, Bengaluru. All Rights Reserved
web counter

Powered by Koha